000 00580nam a22001697a 4500
005 20231116085925.0
008 231116b |||||||| |||| 00| 0 eng d
020 _a9780409048353
041 _aEnglish
082 _a344.1 LER
100 _ale Roux, R ; Rycroft, A and Orleyn, T
_lEnglish
245 _aHarassment in the Workplace :
_bLaw, policies and processes /
_cR le Roux, A Rycroft and T Orleyn
260 _aDurban :
_bLexisNexis,
_c2010
300 _bxviii, 216 pages ;
_c25 cm.
650 _aLegal practice
_bLaw
942 _cBK
_6ALISON_BN_VRIES
999 _c714
_d714